000 00363nam a2200133Ia 4500
005 20260328104326.0
008 260328s9999||||xx |||||||||||||| ||und||
100 _aCampo Baeza, Alberto
245 0 _aAlberto Campo Baeza, la idea construĂ­da /
_cAlberto Campo Baeza
260 _bUniversidad de Palermo
300 _a110 p.
650 _aARQUITECTOS
942 _cBK
999 _c11529
_d11529